00517nam a22001337a 4500008004100000082002100041245012400062260003700186300001000223710002400233942001200257999001300269952010100282230609b xxu||||| |||| 00| 0 eng d a35462007232bGOK aReport of the Public Accounts Committee on the Government of Kenya Accounts for the Year 2005/2006cGovernment of Kenya aKenyabGovernment of Kenyac2006 a655 p bGovernment of Kenya 2ddccBK c873d873 00102ddc4070a001b001d2023-06-09l0o354.62007232 GOKp10014934r2023-06-09w2023-06-09yBK